FIFA Confederations Cup Host Cities 1992-2017 - Statistics

General Stats
  • This quiz has been taken 12 times
  • The average score is 14 of 33
Answer Stats
Edition City % Correct
Mexico 1999 Mexico City
100%
France 2003 Paris
90%
France 2003 Lyon
80%
Russia 2017 Moscow
80%
Brazil 2013 Rio de Janeiro
80%
Saudi Arabia 1992 Riyadh
80%
Saudi Arabia 1995 Riyadh
80%
Saudi Arabia 1997 Riyadh
80%
Brazil 2013 Brasilia
50%
Germany 2005 Cologne
50%
Germany 2005 Frankfurt
50%
South Africa 2009 Johannesburg
50%
Germany 2005 Leipzig
50%
Brazil 2013 Belo Horizonte
40%
Mexico 1999 Guadalajara
40%
Germany 2005 Hanover
40%
South Africa 2009 Pretoria
40%
Russia 2017 Saint Petersburg
40%
Germany 2005 Nuremburg
30%
Brazil 2013 Recife
30%
Brazil 2013 Salvador
30%
South Korea and Japan 2001 Yokohama
30%
South Africa 2009 Bloemfontein
20%
Brazil 2013 Fortaleza
20%
Russia 2017 Kazan
20%
France 2003 Saint-Etienne
20%
Russia 2017 Sochi
20%
South Korea and Japan 2001 Daegu
10%
South Korea and Japan 2001 Suwon
10%
South Korea and Japan 2001 Ibaraki
0%
South Korea and Japan 2001 Niigata
0%
South Africa 2009 Rustenburg
0%
South Korea and Japan 2001 Ulsan
0%
No matching quizzes found
Score Distribution
Percent of People with Each Score
Percentile by Number Answered
Your Score History
You have not taken this quiz